• 首页
  • 本馆介绍
  • 公告通知
  • 最新文献
  • 馆藏检索
  • 电子资源
  • 读者导购
  • 参考咨询
  • 我的图书馆
  • 登录
  • 详细信息显示
  • 放入我的书架
  • 预约/预借图书
  • 作者相关作品
  • 分类相关作品
  • 丛书相关作品
  • 出版社相关作品

书目信息

  • 表格格式
  • 工作单格式
  • 卡片格式
书名: The infrastructure of an information society
作者: sponsored by the Egyptian Society for Information Technology and the American Society for Information Science ; Bahaa El-Hadidy, editor ; Esther E. Horne, associate editor
分册号:
分册名:
出版地: Amsterdam ;
 
出版社: North-Holland
出版时间: 1984.
页数: xx, 643 p. ;
开本: 23 cm.
丛书名:
中图分类号:
科图分类号:
其他分类号: G35
主题词:
电子资源:
000 01802nam 2200397 a 4500
001 E0730430888
003 DLC
005 20070226082735.60
008 10110 eng
008 uu
010    @a84010141 //r953
020    @a0444875492.
040    @aDLC @cDLC @dDLC @dOCoLC @dDLC
043    @an-us-ny
049    @aN5LA
050 00 @aZ730 @b.I57 1982
082 00 @a020/.9172/4 @219
090    @a2-85/G359-53/I61//////////467085
090    @aG35
096    @aG359-53 @v2
099    @dG35@ex2
111 20 @aInternational Information Conference @n(1st : @d1982 : @cCairo, Egypt)
245 14 @aThe infrastructure of an information society :@bproceedings of the First International Information Conference in Egypt, Cairo, 13-15 December, 1982 / @csponsored by the Egyptian Society for Information Technology and the American Society for Information Science ; Bahaa El-Hadidy, editor ; Esther E. Horne, associate editor
260 0  @aAmsterdam ;@aNew York :@bNorth-Holland ;@aNew York, N.Y. :@bSole distributors for the U.S.A. and Canada, Elsevier Science Pub. Co.,@c1984.
300    @axx, 643 p. ;@c23 cm.
504    @aIncludes bibliographies and index.
650  0 @aInformation policy @zDeveloping countries @xCongresses.
650  0 @aInformation networks @xCongresses.
650  0 @aInformation services @zDeveloping countries @xCongresses.
650  0 @aInformation society @xCongresses.
650  0 @aInformation science @xCongresses.
700 20 @aEl-Hadidy, Bahaa.
700 10 @aHorne, Esther E.
710 20 @aAmerican Society for Information Science. @b00 @c20020930 @lNLC09 @h2249 @b00 @c20021019 @lNLC09 @h2205 @lNLC09 @h2330 @lNLC09 @h1922
710 20 @aEgyptian Society for Information Technology.
852 9  @bWWJC @cJ08N @k2-85 @hG359-53 @iI61
    
    The infrastructure of an information society : : proceedings of the First International Information Conference in Egypt, Cairo, 13-15 December, 1982 / / sponsored by the Egyptian Society for Information Technology and the American Society for Information Science ; Bahaa El-Hadidy, editor ; Esther E. Horne, associate editor.-Amsterdam ; ; New York : : North-Holland ; ; New York, N.Y. : : Sole distributors for the U.S.A. and Canada, Elsevier Science Pub. Co., , 1984.
    xx, 643 p. ; ; 23 cm.
    Includes bibliographies and index.
    
    ISBN 0444875492.
    
●
相关链接 在E读中查询图书 在五车中查询图书 在当当中查询图书 在豆瓣中查询图书


正题名:infrastructure of an information society     索取号:G35/x2         预约/预借

序号 登录号 条形码 馆藏地/架位号 状态 备注
1 181350   001171467   第四借阅区/ [索取号:G35/x2] 在馆    
2 181351   001171476   第四借阅区/ [索取号:G35/x2] 在馆    
3 181352   001171458   第四借阅区/ [索取号:G35/x2] 在馆    
唐山师范学院图书馆 欢迎您!
大连网信软件有限公司© 版权所有